• 首页
  • 本馆介绍
  • 公告通知
  • 最新文献
  • 馆藏检索
  • 电子资源
  • 读者导购
  • 参考咨询
  • 我的图书馆
  • 登录
  • 详细信息显示
  • 放入我的书架
  • 预约/预借图书
  • 作者相关作品
  • 分类相关作品
  • 丛书相关作品
  • 出版社相关作品

书目信息

  • 表格格式
  • 工作单格式
  • 卡片格式
题名:
大数据学科与技术路线图
    
 
作者: ;中国电子学会 编著
分册:  
出版信息: 北京   中国科学技术出版社  2021.11
页数: 199页
开本: 26cm
丛书名: 中国科协学科发展研究系列报告
单 册:
中图分类: F492-12 , F49
科图分类:
主题词: 数据处理--shu ju chu li--信息产业--学科发展--研究报告--中国
电子资源:
ISBN: 978-7-5046-7899-7
000 01227nam 2200265 450
001 2255777330
005 20221020153011.69
010    @a978-7-5046-7899-7@dCNY65.00
100    @a20220207d2021 em y0chiy50 ea
101 0  @achi
102    @aCN@b110000
105    @aak a 000yy
200 1  @a大数据学科与技术路线图@Ada shu ju xue ke yu ji shu lu xian tu@f中国电子学会编著
210    @a北京@c中国科学技术出版社@d2021.11
215    @a199页@c图@d26cm
225 2  @a中国科协学科发展研究系列报告@Azhong guo ke xie xue ke fa zhan yan jiu xi lie bao gao
320    @a有书目
330    @a本书分为两个部分。第一部分是《大数据学科发展报告》, 该部分对大数据学科的基本范畴、主要分支和关键议题、发展现状和未来发展方向进行了深入研究。第二部分是《大数据技术路线图》, 本部分以大数据的重大应用需求和特征为依据, 利用产业技术路线图在评估新型技术发展过程中的作用, 通过对重点领域前沿综述、专家咨询、技术研讨和预判等工作, 绘制大数据产业技术路线图。
410  0 @12001 @a中国科协学科发展研究系列报告
606 0  @a数据处理@Ashu ju chu li@x信息产业@x学科发展@x研究报告@y中国
690    @aF492-12@v5
690    @aF49@v4
711 02 @a中国电子学会@Azhong guo dian zi xue hui@4编著
801  0 @aCN@b人天书店@c20220207
905    @aZUCC@dF49@e41
    
    大数据学科与技术路线图/中国电子学会编著.-北京:中国科学技术出版社,2021.11
    199页:图;26cm.-(中国科协学科发展研究系列报告)
    
    
    ISBN 978-7-5046-7899-7:CNY65.00
    本书分为两个部分。第一部分是《大数据学科发展报告》, 该部分对大数据学科的基本范畴、主要分支和关键议题、发展现状和未来发展方向进行了深入研究。第二部分是《大数据技术路线图》, 本部分以大数据的重大应用需求和特征为依据, 利用产业技术路线图在评估新型技术发展过程中的作用, 通过对重点领域前沿综述、专家咨询、技术研讨和预判等工作, 绘制大数据产业技术路线图。
●
相关链接 在五车中查询图书 在当当中查询图书 在豆瓣中查询图书


正题名:大数据学科与技术路线图     索取号:F49/41         预约/预借

序号 登录号 条形码 馆藏地/架位号 状态 备注
1 2000915656   2000915656   第三书库/ [索取号:F49/41] 在馆    
2 2000915657   2000915657   第三书库/ [索取号:F49/41] 在馆    
3 2000915658   2000915658   第三书库/ [索取号:F49/41] 在馆    
山东省滨州职业学院图书馆 欢迎您!
大连网信软件有限公司© 版权所有